00926nam a2200241Ia 4500001000600000003000900006008004100015040001300056040001300069041001300082100002300095100002900118245006600147245007300213250001100286260000900297260002000306260004900326300005900375500019500434650002400629650003100653 6700IT-RoPAU130308s9999 xx 000 0 und d aIT-RoPAU cIT-RoPAU aITALIANO aSchwarcz Joseph H. gCodice Aut. SPICS: 1434 aAnimismo e meccanica nella moderna letteratura per l'infanzia bGenitori, ragazzi e Libri-Prospettive psicosociologiche ed Estetiche a1a ed. aROMA bArmando Armando c1970 [1° Ed.:1970 - Ed.Ling.Originale:1967] a"28 p. (prefazione: no ; testo: 28 [pagine: 133-160])" aOggetti Inanimati Come protagonisti Hans Christian Andersen Oggetti Magici e Autonomi veicoli e Macchine Antropomorfiche Fantasie per Adulti Macchina Antropomorfica Come Esperienza Educativa aEDUCAZIONE AL LIBRO eCodice materia Spics: 6612